| 000 | 02731nmm a22002777a 4500 | ||
|---|---|---|---|
| 999 |
_c5419 _d5419 |
||
| 003 | OSt | ||
| 005 | 20250327105508.0 | ||
| 008 | 191018e xxu|||||o||d| 00| 0 spa d | ||
| 040 | _cPJ | ||
| 100 |
_96440 _aPáramo, Gabriel E. |
||
| 245 | 1 | 3 |
_aReflexiones en torno de la suspensión del proceso a prueva en casos de violencia de género / _cGabriel E. Páramo. |
| 260 |
_aSan José : _bRevista Electrónica de Estudios Penales y de la Seguridad, _c2019. |
||
| 300 | _a1 recurso en línea (21 p.). | ||
| 500 | _aArtículo de doctrina. Publicado en Revista Electrónica de Estudios Penales y de la Seguridad. Nº 5 Especial (2019). ISSN: 2531-1565 | ||
| 505 | _aEn el presente artículo me propongo reflexionar acerca de la aplicación de soluciones alternativas al conflicto penal como la suspensión del proceso a prueba (probation), en casos de violencia contra las mujeres/de género. Me concentraré en las discusiones jurisprudenciales que han tenido lugar en la Argentina, a partir del fallo "GÓNGORA" de la Corte Suprema de Justicia. Los lineamientos que emergen de dicho precedente, relativos al modo en que deben ser interpretadas las disposiciones de la Convención Interamericana para Prevenir, Sancionar y Erradicar la Violencia contra la Mujer, han obligado a los tribunales de jerarquía inferior a realizar, en cada caso, un exhaustivo análisis que les permita determinar si resulta o no procedente la suspensión del proceso a prueba, de conformidad con la citada doctrina del Máximo Tribunal. Los aportes efectuados por estos pronunciamientos al estudio de la cuestión, serán relevados a lo largo de este trabajo. | ||
| 505 | _a1. LA SUSPENSIÓN DEL PROCESO A PRUEBA (PROBATION) EN EL SISTEMA PENAL ARGENTINO. DEFINICIONES Y CONTORNOS. 2. EL FALLO “GÓNGORA”. 3. REPERCUSIONES DEL FALLO “GÓNGORA”. 3.1. Interpretación de los términos “sancionar” y “juicio oportuno”. 3.2 Relevancia de la opinión del acusador público y de la víctima. 3.3. Necesidad de contemplar las particularidades de cada caso. 3.4. Acerca del encuadre de la situación como de violencia de género. 3.5. El caso “C”. 4. CONSIDERACIONES FINALES. 5. BIBLIOGRAFÍA. | ||
| 505 | _t¿Te interesa el texto completo? Solícitalo a koha@justierradelfuego.gov.ar | ||
| 650 | 0 |
_9343 _aDERECHO PENAL |
|
| 650 | 0 |
_93053 _aVIOLENCIA DE GÉNERO |
|
| 650 | 0 |
_92837 _aSUSPENSIÓN DEL JUCIO A PRUEBA |
|
| 650 | 0 |
_94044 _aPERSPECTIVA DE GÉNERO |
|
| 650 | 0 |
_aJURISPRUDENCIA APLICABLE _91057 |
|
| 650 | 0 |
_aFALLOS DE LA CORTE SUPREMA _9699 |
|
| 856 |
_uhttp://justierradelfuego.gov.ar/wp-content/uploads/2025/03/REFLEXIONES-EN-TORNO-DE-LA-SUSPENSION-DEL-PROCESO-A-PRUEBA.pdf _yAcceso a documento |
||
| 942 |
_2udc _cARE |
||